Catecismo para el segundo curso elemntal del programa litúrgico : (Record no. 7217)

MARC details
000 -CABECERA
campo de control de longitud fija 00517nam a2200169 a 4500
005 - FECHA Y HORA DE LA ÚLTIMA TRANSACCIÓN
campo de control 20210219150106.0
008 - ELEMENTOS DE LONGITUD FIJA--INFORMACIÓN GENERAL
campo de control de longitud fija 991125s1940 mx 000 0 spa u
035 ## - NÚMERO DE CONTROL DEL SISTEMA
Número de control de sistema UPN01000007217
049 ## - COLECCIÓN
Colección CE
050 #4 - SIGNATURA TOPOGRÁFICA DE LA BIBLIOTECA DEL CONGRESO
Número de clasificación BX1965
Número de documento/Ítem G9.5 1940
100 1# - ASIENTO PRINCIPAL--NOMBRE PERSONAL
Nombre de persona Guevara, Crisóforo
245 10 - MENCIÓN DE TÍTULO
Título Catecismo para el segundo curso elemntal del programa litúrgico :
Resto del título primer grado /
Mención de responsabilidad, etc. Crisóforo Guevara.
260 ## - PUBLICACIÓN, DISTRIBUCIÓN, ETC.
Lugar de publicación, distribución, etc. [Morelia :
Nombre del editor, distribuidor, etc. s.n.],
Fecha de publicación, distribución, etc. 1940.
300 ## - DESCRIPCIÓN FÍSICA
Extensión 28 p.
650 #4 - ASIENTO SECUNDARIO DE MATERIA - TERMINO TEMATICO
Término de materia o nombre geográfico como elemento de entrada IGLESIA CATOLICA -
Subdivisión general CATECISMOS Y CREDOS
905 ## - TIPO DE MATERIAL
Tipo de material Libro
Holdings
Estado de retiro Estado de pérdida Fuente del sistema de clasificación o colocación Estado dañado No para préstamo Código de colección Localización permanente Ubicación/localización actual Ubicación en estantería Fecha de adquisición Clasificación Código de barras Fecha visto por última vez Número de copia Tipo de ítem Koha
    Library of Congress Classification   Coleccion Esp. Colección Especial Bib. Gregorio Torres Quintero Bib. Gregorio Torres Quintero Colección Especial 02/05/2023 BX1965 G9.5 1940 3847F 31/12/2020 1 Libro